Virginia Woolf Novels Quiz Stats

 Plays Quiz Updated Mar 31, 2020

     
Support Sporcle.
Go Orange.
Score 0/9 Timer 05:00
0 Plays Today
Year Novels % Correct
1925Mrs. Dalloway
90.9%
1927To the Lighthouse
88.7%
1928Orlando
61.7%
1931The Waves
52.7%
1922Jacob's Room
36.1%
1915The Voyage Out
30.8%
1941Between the Acts
29.1%
1937The Years
28%
1919Night and Day
24.5%

From the Vault

True or False: Billboard #1 Albums

by JasonVoorhees

Music 10m
Not the kind of billboard that you see on the highway.
Remove Ads.
Support Sporcle.
Get the best of Sporcle when you Go Orange. This ad-free experience offers more features, more stats, and more fun while also helping to support Sporcle. Thank you for becoming a member.

Show Comments

Extras

Top Quizzes Today


Score Distribution

Your Account Isn't Verified!

In order to create a playlist on Sporcle, you need to verify the email address you used during registration. Go to your Sporcle Settings to finish the process.

Report this User

Report this user for behavior that violates our Community Guidelines.

Details: